000 00303nam a22001337a 4500
008 170502b xxu||||| |||| 00| 0 eng d
020 _a2900735569774
041 _aeng
080 _27TH
_a34
100 _a14
101 _aSHJ
245 _aTHE PROCESS OF LEGAL RESEARCH
_cKUNZ, CH.L
942 _2udc
_cBK
999 _c12392
_d12392